|
|
|
|
| LEADER |
01401nam a2200337 u 4500 |
| 001 |
10053420 |
| 003 |
upatras |
| 005 |
20241206063355.0 |
| 008 |
050419s2004 lu eng |
| 020 |
|
|
|a 9289603275
|
| 040 |
|
|
|a GR-PaULI
|c GR-PaULI
|
| 041 |
0 |
|
|a eng
|
| 082 |
0 |
4 |
|a 331.123
|
| 100 |
1 |
|
|a Cort, Pia
|9 45600
|
| 245 |
1 |
0 |
|a PROFF - Professionalisation of VET teachers for the future
|c Pia Cort, Auli Harkonen, Kristiina Volmari
|
| 260 |
|
|
|a Luxembourg
|b Office for Official Publications of the European Communities
|c 2004
|
| 300 |
|
|
|a 60 p.
|b tab.
|c 30 cm.
|
| 490 |
0 |
|
|a Cedefop Panorama series
|v 104
|
| 504 |
|
|
|a Includes annexes and bibliography
|
| 610 |
2 |
0 |
|a European Centre for the Development of Vocational Training
|9 45413
|
| 650 |
|
4 |
|a Επαγγελματική εκπαίδευση
|9 9953
|
| 650 |
|
4 |
|a Συνεχιζόμενη εκπαίδευση
|9 1294
|
| 650 |
|
4 |
|a Εκπαιδευτικοί
|x Κατάρτιση
|9 41411
|
| 700 |
1 |
|
|a Harkonen, Auli
|9 45753
|
| 700 |
1 |
|
|a Volmari, Kristiina
|9 45754
|
| 760 |
0 |
|
|a Cedefop Panorama series
|g 104
|
| 852 |
|
|
|a GR-PaULI
|b ΠΑΤΡΑ
|b ΒΚΠ
|b ΚΕΤ
|h 331.123 COR
|m 078058
|p 025000119722
|t 1
|
| 942 |
|
|
|2 ddc
|
| 952 |
|
|
|0 0
|1 0
|4 0
|6 331_123000000000000_COR
|7 0
|9 47435
|a LISP
|b LISP
|c EDC
|d 2016-04-24
|i 078058
|l 0
|o 331.123 COR
|p 025000119722
|r 2016-04-24 00:00:00
|t 1
|w 2016-04-24
|y BK15
|
| 998 |
|
|
|c ΗΛΙΟΠΟΥΛΟΥ
|d 2005-04
|
| 999 |
|
|
|c 30051
|d 30051
|